000
00301nam a2200109Ia 4500
008
171211s9999 xx 000 0 und d
245
_a
Soviet Partisan 1941-1944
245
_c
Nik Cornish
260
_c
2014
650
_x
Military
856
_u
http://down.ebook777.com/Soviet%20Partisan%201941-1944.pdf
999
_c
348287
_d
348287